Arquidiocese de Cuiabá história e vida : (Record no. 1139)

MARC details
000 -LÍDER
Campo Fixo de Controle 00731nam a2200229 a 4500
001 - NÚMERO DE CONTROLE
Campo de Controle 1139
003 - IDENTIFICAÇÃO DO NÚMERO DE CONTROLE
Campo de Controle BR-CuiBMT
005 - DATA E HORA DA ÚLTIMA ATUALIZAÇÃO
Campo de Controle 20231129202851.0
008 - DADOS FIXOS
Dados Fixos 231129s2012 mtba 000 0 por d
020 ## - INTERNATIONAL STANDARD BOOK NUMBER
Nº do ISBN 9788580090321
040 ## - AGÊNCIA CATALOGADORA
Código da Agência Catalogadora BR-CuiBMT
Agência que transcreveu o registro BR-CuiBMT
080 ## - Nº DA CLASSIFICAÇÃO DECIMAL UNIVERSAL
Nº edição CDU 2007
Nº Class. CDU 262.3
Subd. Auxiliar Comum (817.2)
090 ## - NÚMERO DE CHAMADA
Nº classificação 262.3(817.2)
Cutter C957a
100 1# - ENTRADA PRINCIPAL -- AUTOR PESSOAL
Nome pessoal Cruz, Felisberto Samoel da,
Títulos e outras palavras associadas ao nome Padre
245 10 - TÍTULO PRINCIPAL
Título principal Arquidiocese de Cuiabá história e vida :
Subtítulo 1910-2010 /
Indicação de responsabilidade Pe. Felisberto Samoel da Cruz.
260 ## - PUBLICAÇÃO, DISTRIBUIÇÃO, ETC.
Local de publicação Cuiabá :
Editora Carlini & Caniato,
Data 2012.
300 ## - DESCRIÇÃO FÍSICA
N. páginas ou volumes 366 p. :
Ilustrações il. ;
Dimensões 23 cm
504 ## - NOTA DE BIBLIOGRAFIA, ETC.
Nota de bibliografia Inclui bibliografia.
650 ## - ASSUNTO TÓPICO
Cabeçalho tópico ou nome geográfico Arquidiocese de Cuiabá
Subdivisão geográfica Mato Grosso
650 ## - ASSUNTO TÓPICO
Cabeçalho tópico ou nome geográfico Igreja Católica
Subdivisão geográfica Cuiabá - Mato Grosso
942 ## - ELEMENTOS DE ENTRADA ADICIONAIS (KOHA)
Fonte de classificação ou esquema de arquivamento Classificação Decimal Universal
Tipo de item do Koha Livros
Holdings
Estado: removido Estado: perdido Fonte de classificação ou esquema de arquivamento Estado: danificado Indisponível para empréstimo Localização permanente Localização atual Data de aquisição Total Checkouts Número de Chamada completo Código de barras Date last seen Número do exemplar Preço efetivo a partir de Tipo de item (Koha)
    Classificação Decimal Universal     Biblioteca da Escola Superior de Contas do TCE/MT Biblioteca da Escola Superior de Contas do TCE/MT 29/11/2023   262.3(817.2) C957a BIBTCEMT23111327 29/11/2023 Ex. 1 29/11/2023 Livros

Powered by Koha